000 00537nam a2200205Ia 4500
003 OSt
005 20230331152459.0
008 210423s2009 xx 000 0 und d
020 _a8130910780
040 _cAL
041 _aeng
082 _a658 LEAR
100 _aLEARNING MEDIA.
_981083
245 _aManaging financial resources and decisions.
260 _aNew Delhi
_bViva Books Pvt Ltd
_c2009
300 _aviii,282
_bPB
365 _b295
_cINR
906 _adecisions. ; financial ; Managing ; resources
942 _2ddc
_cBK
999 _c157735
_d157735